| 000 | 00739nam a22002177a 4500 | ||
|---|---|---|---|
| 001 | 0000001917 | ||
| 003 | PPM | ||
| 005 | 20260424111235.0 | ||
| 008 | 260424b ||||| |||| 00| 0 eng d | ||
| 020 |
_a0406258325 _qPaperback |
||
| 035 | _a0000001917 | ||
| 040 |
_bEng _cPusat Penyelidikan Mineral, Jabatan Mineral Dan Geosains Malaysia _dPPM _eRDA |
||
| 082 | 0 | 0 |
_220 _a344.1064 _bPHI 1986 |
| 100 | 1 |
_aPhillips, Jeremy _eauthor |
|
| 245 | 1 | 0 |
_aIntroduction To Intellectual Property Law / _cby Jeremy Phillips |
| 260 | 1 |
_aLondon : _bButterworths , _c1986 |
|
| 300 | 0 | 0 |
_axxx, 310 pages .: _btable, illustrations .; _c21 cm |
| 504 | _aIncludes indexs (p.: 299 - 310 ) | ||
| 650 | 1 | 0 |
_aIntellectual property _z United States. |
| 942 |
_2ddc _cBK |
||
| 999 |
_c27232 _d27232 |
||